<?xml version="1.0" encoding="UTF-8"?><?xml-stylesheet type="text/xsl" href="static/style.xsl"?><OAI-PMH xmlns="http://www.openarchives.org/OAI/2.0/" xmlns:xsi="http://www.w3.org/2001/XMLSchema-instance" xsi:schemaLocation="http://www.openarchives.org/OAI/2.0/ http://www.openarchives.org/OAI/2.0/OAI-PMH.xsd"><responseDate>2026-05-14T10:47:28Z</responseDate><request verb="GetRecord" identifier="oai:repisalud.isciii.es:20.500.12105/25162" metadataPrefix="marc">https://repisalud.isciii.es/rest/oai/request</request><GetRecord><record><header><identifier>oai:repisalud.isciii.es:20.500.12105/25162</identifier><datestamp>2025-12-18T12:56:53Z</datestamp><setSpec>com_20.500.12105_25100</setSpec><setSpec>com_20.500.12105_6723</setSpec><setSpec>com_20.500.12105_2337</setSpec><setSpec>com_20.500.12105_2336</setSpec><setSpec>col_20.500.12105_25101</setSpec></header><metadata><record xmlns="http://www.loc.gov/MARC21/slim" xmlns:dcterms="http://purl.org/dc/terms/" xmlns:doc="http://www.lyncode.com/xoai" xmlns:xsi="http://www.w3.org/2001/XMLSchema-instance" xsi:schemaLocation="http://www.loc.gov/MARC21/slim http://www.loc.gov/standards/marcxml/schema/MARC21slim.xsd">
   <leader>00925njm 22002777a 4500</leader>
   <datafield ind2=" " ind1=" " tag="042">
      <subfield code="a">dc</subfield>
   </datafield>
   <datafield ind2=" " ind1=" " tag="720">
      <subfield code="a">Barrera Linares, Ernesto</subfield>
      <subfield code="e">author</subfield>
   </datafield>
   <datafield ind2=" " ind1=" " tag="260">
      <subfield code="c">2023-10</subfield>
   </datafield>
   <datafield ind2=" " ind1=" " tag="520">
      <subfield code="a">Objetivo: Proporcionar una visión completa y equilibrada de las capacidades, beneficios, desafíos y perspectivas futuras de ChatGPT como una inteligencia artificial multifuncional, centrándose específicamente en su impacto y relevancia para los profesionales en las ciencias de la salud. Contenidos: Presentar una visión general de ChatGPT: explicar qué es ChatGPT y cómo funciona como una inteligencia artificial de generación de texto. Destacar las capacidades multifuncionales de ChatGPT: explorar las diversas aplicaciones y funciones de ChatGPT más allá de la búsqueda de información, como la generación de contenido, el soporte conversacional y la asistencia en tareas específicas. Resaltar los beneficios de ChatGPT: analizar los aspectos positivos de ChatGPT, como su capacidad para mejorar la eficiencia, brindar información útil y ofrecer experiencias de usuario mejoradas. Discutir los desafíos y limitaciones de ChatGPT: abordar las preocupaciones asociadas con la precisión, la imparcialidad, la ética y los posibles riesgos de utilizar una inteligencia artificial como ChatGPT. Facilitar una discusión interactiva: invitar a los asistentes a participar en una conversación sobre las implicaciones, desafíos éticos y perspectivas futuras de la inteligencia artificial, fomentando un intercambio de ideas y opiniones.</subfield>
   </datafield>
   <datafield ind1="8" ind2=" " tag="024">
      <subfield code="a">XVII Jornadas de Información y Documentación en Ciencias de la Salud - Bibliosalud 2023. Valladolid 19 y 20 de octubre de 2023.</subfield>
   </datafield>
   <datafield ind1="8" ind2=" " tag="024">
      <subfield code="a">https://ernestobarrera.github.io/t/chatgpt_bibliosalud.html#/</subfield>
   </datafield>
   <datafield ind1="8" ind2=" " tag="024">
      <subfield code="a">https://hdl.handle.net/20.500.12105/25162</subfield>
   </datafield>
   <datafield tag="653" ind2=" " ind1=" ">
      <subfield code="a">Inteligencia artificial</subfield>
   </datafield>
   <datafield tag="653" ind2=" " ind1=" ">
      <subfield code="a">ChatGPT</subfield>
   </datafield>
   <datafield tag="653" ind2=" " ind1=" ">
      <subfield code="a">Bibliotecas de ciencias de la salud</subfield>
   </datafield>
   <datafield ind2="0" ind1="0" tag="245">
      <subfield code="a">ChatGPT: luces y sombras de una inteligencia artificial multifuncional</subfield>
   </datafield>
</record></metadata></record></GetRecord></OAI-PMH>